000 00298nam a2200133Ia 4500
005 20260328101441.0
008 260328s9999||||xx |||||||||||||| ||und||
100 _aDaix, Pierre
245 0 _aPicasso 1900-1906 /
_cPierre Daix
260 _bBlume
300 _a352 p.
650 _aARTE
942 _cBK
999 _c8258
_d8258